000 00513nam a2200181Ia 4500
003 GCL
008 140319s9999 xx 000 0 eng d
040 _aGCL /
_cGCL
082 0 4 _a658.56
_bM F
100 1 _aMEYER, CHRISTOPHER
245 1 0 _aFAST CYCLE TIME: HOW TO ALIGN PURPOSE STRATEGY AND STRUECTURE FOR SPEED /
_cMEYER, CHRISTOPHER
260 _a[S.N] :
_bTHE FREE PRESS ،
_c1993
300 _a290 P
650 0 4 _aMANAGEMENT
650 0 4 _aINDUSTRIAL MANAGEMENT
650 0 4 _aPLANNING
942 _2ddc
_cBK
999 _c20857
_d20857